000 00582nam a2200229Ia 4500
003 OSt
005 20221007072808.0
006 a|||||r|||| 00| 0
007 ta
008 221006b |||||||| |||| 00| 0 eng d
024 _a18,380
037 _cTextual
040 _aFLL
_cFLL
_beng
041 _2eng
_aeng
082 _aZz7, E5
100 _aDonovan J.W. Au.
_9691369
245 0 _aTact in court
260 _aLondon
_bSweet and maxwell England
_c1915
300 _a182p
_ccm.
942 _hZz7, E5
_cTEXL
_2CC
999 _c1146983
_d1146983